000 01471nam a2200397 c 4500
001 58287
003 CO-BoRNBP
005 20250821142118.0
007 ta
008 210813s20082015mx er 000 0dspa d
020 _a9786074000443
020 _a9788449437687
020 _a9789707774131
040 _aCO-BoRNBP
_bspa
_erda
_cCO-BoRNBP
041 1 _aspa
_hfre
082 0 4 _a028.9
_bP27u
_222
100 1 _aPetit, Michèle
_eaut
_923574
245 1 4 _aUna infancia en el país de los libros /
_cMichelle Petit ; traducción de Diana Luz Sánchez.
250 _aPrimera edición
264 1 _aMéxico :
_bEditorial Océano Travesía,
_c2015
300 _a121 páginas
336 _2rdacontent
_atexto
_btxt
337 _2rdamedia
_asin mediación
_bn
338 _2rdacarrier
_avolumen
_bnc
490 0 _aÁgora
500 _aPara la dotación de la RNBP 2019, las fechas de edición e impresión del material bibliográfico se presentan en el campo MARC 260 ó 264 desde la fecha inicial hasta la última separada por guión (-), según RCAA2
521 _aRecomendado para un público adulto
534 _tUne enfance au pays des livres
545 _aIncluye datos biográficos del autor en la solapa
650 0 7 _aConducta lectora
_2lemb
_9321
650 0 7 _aIntereses de los Lectores
_2LEMB
_962815
650 0 7 _aLibros y lectura
_2LEMB
_91932
650 0 7 _aPromoción de la lectura
_2LEMB
_91931
700 1 _aSánchez, Diana Luz
_etrl
942 _2ddc
_cBK
999 _c58287
_d58287